An introduction to statistical thermodynamics (Record no. 5673)

MARC details
000 -LEADER
fixed length control field 00455 a2200169 4500
001 - CONTROL NUMBER
control field 131137
003 - CONTROL NUMBER IDENTIFIER
control field OSt
005 - DATE AND TIME OF LATEST TRANSACTION
control field 20210908114034.0
008 - FIXED-LENGTH DATA ELEMENTS--GENERAL INFORMATION
fixed length control field
082 ## - DEWEY DECIMAL CLASSIFICATION NUMBER
Classification number 541.369
Item number H55I
100 1# - MAIN ENTRY--PERSONAL NAME
Personal name Hill, Terrell L.
245 1# - TITLE STATEMENT
Title An introduction to statistical thermodynamics
Statement of responsibility, etc by Terrell L. Hill
260 ## - PUBLICATION, DISTRIBUTION, ETC. (IMPRINT)
Place of publication, distribution, etc New Delhi
Name of publisher, distributor, etc Dover Publication
Date of publication, distribution, etc 2008
300 ## - PHYSICAL DESCRIPTION
Extent 508p.
690 ## - LOCAL SUBJECT ADDED ENTRY--TOPICAL TERM (OCLC, RLIN)
Topical term or geographic name as entry element Thermodynamics; Statistics
942 ## - ADDED ENTRY ELEMENTS (KOHA)
Source of classification or shelving scheme Dewey Decimal Classification
Koha item type Books
Holdings
Withdrawn status Lost status Source of classification or shelving scheme Damaged status Not for loan Collection code Home library Current library Date acquired Source of acquisition Cost, normal purchase price Full call number Barcode Date last seen Price effective from Koha item type
    Dewey Decimal Classification     General Text Book Central University Of Rajasthan Central University Of Rajasthan 08/06/2012 PHY 595.00 541.369 H55I 7215 21/11/2024 02/09/2020 Books